000
00236nam a22001097a 4500
999
_c
261445
_d
261447
020
_a
9780141371467
100
_a
Roald Dahl
245
_a
The Magic Finger
260
_a
UK
_b
Penguin Random House
_c
1966
300
_a
56 pgs
942
_c
BK